LEADER 01235oam 2200421zu 450 001 9910164751503321 005 20210807002104.0 010 $a0-8031-6912-4 035 $a(CKB)3170000000044520 035 $a(SSID)ssj0001490707 035 $a(PQKBManifestationID)11918670 035 $a(PQKBTitleCode)TC0001490707 035 $a(PQKBWorkID)11474654 035 $a(PQKB)10212941 035 $a(NjHacI)993170000000044520 035 $a(EXLCZ)993170000000044520 100 $a20160829d1956 uy 101 0 $aeng 135 $aur||||||||||| 181 $ctxt 182 $cc 183 $acr 200 10$aSymposium on Impact Testing 210 31$a[Place of publication not identified]$cAmerican Society for Testing & Materials$d1956 215 $a1 online resource 300 $aBibliographic Level Mode of Issuance: Monograph 311 $a0-8031-6536-6 606 $aStrength of materials 606 $aTesting$xData processing 615 0$aStrength of materials. 615 0$aTesting$xData processing. 676 $a620.112 700 $aTatnall$b F$0909594 801 0$bPQKB 906 $aBOOK 912 $a9910164751503321 996 $aSymposium on Impact Testing$92070618 997 $aUNINA LEADER 01770nam 2200481 450 001 9910814367603321 005 20220825040340.0 010 $a1-4704-5151-4 035 $a(CKB)4100000007804720 035 $a(MiAaPQ)EBC5725351 035 $a(RPAM)20731950 035 $a(PPN)238449009 035 $a(EXLCZ)994100000007804720 100 $a20220707h2019 uy 0 101 0 $aeng 135 $aurcnu|||||||| 181 $ctxt$2rdacontent 182 $cc$2rdamedia 183 $acr$2rdacarrier 200 10$aNew developments in the analysis of nonlocal operators $eAMS special session on new developments in the analysis of nonlocal operators, October 28-30, 2016, University of St. Thomas, Minneapolis, Minnesota /$fDonatella Danielli, Arshak Petrosyan, Camelia A. Pop, editors 210 1$a[Place of publication not identified] :$cAmerican Mathematical Society,$d[2019] 210 4$dİ2019 215 $a1 online resource (226 pages) 225 1 $aContemporary mathematics,$v723$x0271-4132 320 $aIncludes bibliographical references. 410 0$aContemporary mathematics (American Mathematical Society).$v723$x0271-4132 606 $aOperator theory$vCongresses 606 $aFunctional analysis$vCongresses 606 $aDifferential equations$vCongresses 615 0$aOperator theory 615 0$aFunctional analysis 615 0$aDifferential equations 676 $a515.724 700 $aDanielli$b Donatella$f1966-$0502357 702 $aPetrosyan$b Arshak$f1975- 702 $aPop$b Camelia A.$f1983- 801 0$bMiAaPQ 801 1$bMiAaPQ 801 2$bMiAaPQ 906 $aBOOK 912 $a9910814367603321 996 $aNew developments in the analysis of nonlocal operators$94077890 997 $aUNINA